| 000 | 00440nam a2200181 4500 | ||
|---|---|---|---|
| 003 | SEACOMMC | ||
| 005 | 20231011091314.0 | ||
| 008 | 231011b |||||||| |||| 00| 0 eng d | ||
| 020 | _cRs. 120.00 | ||
| 040 | _aSEACOMMC | ||
| 082 |
_a515.33 _bPIS |
||
| 100 | 1 | _aPiskunov, N. | |
| 245 | 1 |
_aDifferential and integral calculus _cN. Piskunov |
|
| 260 |
_aNew Delhi _bC B S _c1999 |
||
| 650 | _aMathematics | ||
| 650 | _aAnalysis | ||
| 942 | _cBOOK | ||
| 999 |
_c142 _d142 |
||